<?xml version="1.0" encoding="UTF-8"?><?xml-stylesheet type="text/xsl" href="static/style.xsl"?><OAI-PMH xmlns="http://www.openarchives.org/OAI/2.0/" xmlns:xsi="http://www.w3.org/2001/XMLSchema-instance" xsi:schemaLocation="http://www.openarchives.org/OAI/2.0/ http://www.openarchives.org/OAI/2.0/OAI-PMH.xsd"><responseDate>2026-04-26T23:12:02Z</responseDate><request verb="GetRecord" identifier="oai:repisalud.isciii.es:20.500.12105/25560" metadataPrefix="marc">https://repisalud.isciii.es/rest/oai/request</request><GetRecord><record><header><identifier>oai:repisalud.isciii.es:20.500.12105/25560</identifier><datestamp>2025-12-18T12:56:36Z</datestamp><setSpec>com_20.500.12105_2405</setSpec><setSpec>com_20.500.12105_2403</setSpec><setSpec>col_20.500.12105_2412</setSpec></header><metadata><record xmlns="http://www.loc.gov/MARC21/slim" xmlns:dcterms="http://purl.org/dc/terms/" xmlns:doc="http://www.lyncode.com/xoai" xmlns:xsi="http://www.w3.org/2001/XMLSchema-instance" xsi:schemaLocation="http://www.loc.gov/MARC21/slim http://www.loc.gov/standards/marcxml/schema/MARC21slim.xsd">
   <leader>00925njm 22002777a 4500</leader>
   <datafield ind2=" " ind1=" " tag="042">
      <subfield code="a">dc</subfield>
   </datafield>
   <datafield ind2=" " ind1=" " tag="720">
      <subfield code="a">Garcia-Carpintero, Esther Elena</subfield>
      <subfield code="e">author</subfield>
   </datafield>
   <datafield ind2=" " ind1=" " tag="720">
      <subfield code="a">Carmona-Rodríguez, Montserrat.</subfield>
      <subfield code="e">author</subfield>
   </datafield>
   <datafield ind2=" " ind1=" " tag="720">
      <subfield code="a">Pedrosa-Pérez, Lucía.</subfield>
      <subfield code="e">author</subfield>
   </datafield>
   <datafield ind2=" " ind1=" " tag="260">
      <subfield code="c">2024</subfield>
   </datafield>
   <datafield ind2=" " ind1=" " tag="520">
      <subfield code="a">La Oxigenoterapia Hiperbárica (HBOT) es una terapia no invasiva que produce un efecto revitalizador en todos los tejidos. Es un tratamiento médico definido como una inhalación intermitente de oxígeno al 100% en una cámara hiperbárica a una presión superior a 1,5 atmósferas absolutas. Su principal mecanismo de acción es la reducción del volumen de los gases en relación al incremento de la presión (Ley de Boyle-Mariotte) y el aumento de la presión parcial de oxígeno en los tejidos (leyes de Dalton y Henry). Las complicaciones de la HBOT son poco frecuentes y están relacionados con los cambios de presión y la toxicidad del oxígeno. Las más frecuentes son las lesiones por barotrauma. La solicitud de evaluación considera la HBOT en una serie de 15 patologías de las cuales, 10 fueron evaluadas en un informe previo, por lo que el presente informe se centra en evaluar la efectividad y seguridad de HBOT en el tratamiento de las siguientes 5 patologías: 1. Intoxicación por monóxido de carbono (CO). 2. Oclusión de la arteria central de la retina. 3. Covid persistente. 4. Pérdida de audición súbita. 5. Encefalopatía post-anoxémica.</subfield>
   </datafield>
   <datafield ind1="8" ind2=" " tag="024">
      <subfield code="a">https://hdl.handle.net/20.500.12105/25560</subfield>
   </datafield>
   <datafield ind1="8" ind2=" " tag="024">
      <subfield code="a">'156-24-037-6'</subfield>
   </datafield>
   <datafield tag="653" ind2=" " ind1=" ">
      <subfield code="a">Oxigenoterapia hiperbárica</subfield>
   </datafield>
   <datafield tag="653" ind2=" " ind1=" ">
      <subfield code="a">Intoxicación por monóxido de carbono</subfield>
   </datafield>
   <datafield tag="653" ind2=" " ind1=" ">
      <subfield code="a">Sordera súbita</subfield>
   </datafield>
   <datafield tag="653" ind2=" " ind1=" ">
      <subfield code="a">Oclusión de la arteria central de la retina</subfield>
   </datafield>
   <datafield tag="653" ind2=" " ind1=" ">
      <subfield code="a">Encefalopatía post-anoxémica</subfield>
   </datafield>
   <datafield tag="653" ind2=" " ind1=" ">
      <subfield code="a">Covid persistente</subfield>
   </datafield>
   <datafield ind2="0" ind1="0" tag="245">
      <subfield code="a">Eficacia y seguridad de la Oxigenoterapia Hiperbárica en el tratamiento de intoxicación por monóxido de carbono, oclusión de arteria central de la retina, Covid persistente, pérdida de audición súbita o encefalopatía post-anoxémica</subfield>
   </datafield>
</record></metadata></record></GetRecord></OAI-PMH>